UBT Library

Philosophic classics / (Record no. 40273)

000 -LEADER
fixed length control field 00965cam a2200265 a 4500
001 - CONTROL NUMBER
control field 4980860
005 - DATE AND TIME OF LATEST TRANSACTION
control field 20180115071838.0
008 - FIXED-LENGTH DATA ELEMENTS--GENERAL INFORMATION
fixed length control field 981112m20009999njua b 000 0 eng
010 ## - LIBRARY OF CONGRESS CONTROL NUMBER
LC control number 98032332
020 ## - INTERNATIONAL STANDARD BOOK NUMBER
International Standard Book Number 0130213152 (v. 2)
020 ## - INTERNATIONAL STANDARD BOOK NUMBER
International Standard Book Number 0130213160 (v. 3)
020 ## - INTERNATIONAL STANDARD BOOK NUMBER
International Standard Book Number 0130485632 (v. 5)
040 ## - CATALOGING SOURCE
Original cataloging agency DLC
Transcribing agency DLC
Modifying agency DLC
041 ## - LANGUAGE CODE
Language code of text/sound track or separate title eng
080 ## - UNIVERSAL DECIMAL CLASSIFICATION NUMBER
Universal Decimal Classification number 100 B
082 00 - DEWEY DECIMAL CLASSIFICATION NUMBER
Classification number 100 BAI
Edition number 21
100 ## - Rafti
Rafti 21
101 ## - Shkurtesa
Shkurtesa FIL
245 00 - TITLE STATEMENT
Title Philosophic classics /
Statement of responsibility, etc Forrest E. Baird, editor.
504 ## - BIBLIOGRAPHY, ETC. NOTE
Bibliography, etc Includes bibliographical references.
906 ## - LOCAL DATA ELEMENT F, LDF (RLIN)
a 7
b cbc
c orignew
d 1
e ocip
f 19
g y-gencatlg
942 ## - ADDED ENTRY ELEMENTS (KOHA)
Source of classification or shelving scheme
Item type Books
Holdings
Withdrawn status Lost status Source of classification or shelving scheme Damaged status Not for loan Collection code Permanent location Current location Shelving location Date acquired Total Checkouts Full call number Barcode Date last seen Price effective from Koha item type
          Koleksioni i përgjithshem UBT - Lipjan UBT - Lipjan Koleksioni i përgjithshem 01/15/2018   100 BAI 002-2995439 01/15/2018 01/15/2018 Books
UBT Library © 2015-2024. All rights reserved University Education for Business and Technology